000 00317nam a2200133Ia 4500
008 151001s9999||||xx |||||||||||||| ||und||
100 _aबलराम नांगरे
245 _aदैवरेखा
250 _a1
260 _bग.रा.पाठक
260 _c1964
300 _a152
365 _b7
999 _c954565
_d954562